Frutología de Eros : poesía y pintura / (Record no. 193139)

MARC details
000 -LEADER
campo de control de longitud fija 01124nam a22003017a 4500
001 - NÚMERO DE CONTROL
campo de control 193139
003 - IDENTIFICADOR DE NÚMERO DE CONTROL
campo de control ES-MaACL
005 - FECHA Y HORA DE LA ÚLTIMA TRANSACCIÓN
campo de control 20240708063028.0
007 - CAMPO FIJO DE DESCRIPCIÓN FÍSICA--INFORMACIÓN GENERAL
campo de control de longitud fija ta
008 - DATOS DE LONGITUD FIJA--INFORMACIÓN GENERAL
campo de control de longitud fija 230824t2007ck sp ||||| |||| 00| 0 spa d
020 ## - NÚMERO INTERNACIONAL ESTÁNDAR DEL LIBRO
Número Internacional Estándar del Libro 9789587082531
040 ## - FUENTE DE CATALOGACIÓN
Lengua de catalogación spa
Centro/agencia transcriptor ES-MaACL
100 1# - ENTRADA PRINCIPAL--NOMBRE DE PERSONA
Nombre de persona Lagos, Ramiro,
Fechas asociadas al nombre 1922-
Término indicativo de función/relación Autor
9 (RLIN) 176491
245 10 - MENCIÓN DEL TÍTULO
Título Frutología de Eros : poesía y pintura /
Mención de responsabilidad, etc. Ramiro Lagos
260 ## - PUBLICACIÓN, DISTRIBUCIÓN, ETC.
Lugar de publicación, distribución, etc. Colombia :
Nombre del editor, distribuidor, etc. Sic Editorial,
Fecha de publicación, distribución, etc. 2007
300 ## - DESCRIPCIÓN FÍSICA
Extensión 158 páginas :
Otras características físicas principalmente ilustraciones (color) ;
Dimensiones 25 cm
336 ## - TIPO DE CONTENIDO
Fuente rdacontent
Término de tipo de contenido Texto
337 ## - TIPO DE MEDIO
Fuente rdamedia
Nombre/término del tipo de medio sin mediación
338 ## - TIPO DE SOPORTE
Fuente rdacarrier
Nombre/término del tipo de soporte volumen
500 ## - NOTA GENERAL
Nota general Catalogación provisional. Signatura: N 8629. Depósito J.
852 ## - LOCALIZACIÓN
Ubicación ES-MaACL
itemnumber 200458
Número de control de estantería N-8629
Encuadernación Cartoné
Nota libre En proceso
Ubicación en estantería Depósito J
Anotaciones manuscritas Dedicatoria autógrafa del autor
Donativo/Legado Donación: Ramiro Lagos
903 ## - NOMBRE PERSONAL DE DONANTE
a Lagos, Ramiro,
d 1922-
e Donante
9 176491
942 ## - ELEMENTOS DE ENTRADA SECUNDARIOS (KOHA)
Suprimir en OPAC No
Tipo de ítem Koha Libro impreso
Holdings
Estatus retirado Estado de pérdida Fuente del sistema de clasificación o colocación Estado de daño No para préstamo Colección Biblioteca de origen Biblioteca actual Ubicación en estantería Fecha de adquisición Fuente de adquisición Total de préstamos Signatura topográfica completa Código de barras Visto por última vez Precio de reemplazo Tipo de ítem Koha Nota pública
    Clasificación decimal universal     Libros con dedicatorias Biblioteca del Ateneo de Madrid Biblioteca del Ateneo de Madrid Depósito J 25/06/2008 Donación   N-8629 101205752 24/08/2023 24/08/2023 Libro impreso Dedicatoria autógrafa del autor